उर्दू मसनवियॉं (Record no. 1019216)

MARC details
000 -LEADER
fixed length control field 01189nam a2200301Ia 4500
003 - CONTROL NUMBER IDENTIFIER
control field OSt
005 - DATE AND TIME OF LATEST TRANSACTION
control field 20221005110549.0
008 - FIXED-LENGTH DATA ELEMENTS--GENERAL INFORMATION
fixed length control field 221004b |||||||| |||| 00| 0 hin d
020 ## - INTERNATIONAL STANDARD BOOK NUMBER
International Standard Book Number 9789326354516 (hbk)
037 ## - SOURCE OF ACQUISITION
Terms of availability Textual
040 ## - CATALOGING SOURCE
Original cataloging agency CRL
Transcribing agency CRL
Language of cataloging hin
041 ## - LANGUAGE CODE
Source of code hin
Language code of text/sound track or separate title hin
100 ## - MAIN ENTRY--PERSONAL NAME
Personal name नारंग, गोपी चन्द
245 #0 - TITLE STATEMENT
Title उर्दू मसनवियॉं
246 ## - VARYING FORM OF TITLE
Title proper/short title Urdū masanaviyaॉan
260 ## - PUBLICATION, DISTRIBUTION, ETC.
Place of publication, distribution, etc. नई दिल्ली
Name of publisher, distributor, etc. भारतीय ज्ञानपीठ भारत
Date of publication, distribution, etc. 2016
300 ## - PHYSICAL DESCRIPTION
Extent 263पृ0
Dimensions cm.
490 ## - SERIES STATEMENT
Series statement लोकोदय ग्रन्थमाला; ग्रन्थांक 1277
650 ## - SUBJECT ADDED ENTRY--TOPICAL TERM
Topical term or geographic name entry element उर्दू साहित्य
650 ## - SUBJECT ADDED ENTRY--TOPICAL TERM
Topical term or geographic name entry element उर्दू कविता
700 ## - ADDED ENTRY--PERSONAL NAME
Personal name आलम, खुर्शीद, अनु.
942 ## - ADDED ENTRY ELEMENTS (KOHA)
Classification part O168,1:g, 152Q6
Koha item type Textual
Source of classification or shelving scheme
Holdings
Withdrawn status Lost status Damaged status Not for loan Home library Current library Date acquired Source of acquisition Total Checkouts Full call number Barcode Date last seen Price effective from Koha item type
        Central Library Central Library 2022-10-05 BW/1692, 15/03/2018, Bookwell   O168,1:g 152Q6 CL1658092 2022-10-05 2022-10-05 Textual
Copyright @ Delhi University Library System